000
00232 a2200097 4500
001
10810
100
_a
Shabain, M. A.
245
_a
Islamic Historys a New Interpretation
260
_a
_b
Cambridge Unin Press
_c
090
_c
8396
_d
8396
942
_a
NUST-CAE
_c
M
_c
35151
999
_c
245883
_d
245883